000 00558nam a22002057a 4500
003 OSt
005 20171020203318.0
008 140306b xxu||||| |||| 00| 0 eng d
020 _a9-7881-7534-7540
040 _aLDCLIB
_cLDCLIB
082 _221.
_a341.48
_bHUM
245 _aHuman Rights in International Law /
250 _a3rd ed.
260 _aIndia :
_bUniversal law publishing Co.
_c2007.
300 _a707 p. ;
_c24 cm.
500 _aIncludes Appendix
650 _aHuman rights in international law
650 _aHuman rights
942 _2ddc
_cBK
999 _c5849
_d5849